| 000 | 00618nam a2200193 i 4500 | ||
|---|---|---|---|
| 001 | 128580 | ||
| 003 | ES-MaACL | ||
| 005 | 20250717091858.0 | ||
| 007 | t| | ||
| 008 | 070518s1928 sp ||||1| spa d | ||
| 100 | 1 |
_aTandler, Julius. _9109185 |
|
| 245 | 1 | 0 |
_aTratado de Anatomía sistemática / _cpor Julius Tandler. |
| 260 |
_aBarcelona : _bSalvat, _c1928. |
||
| 300 |
_a3 v. : _bil. ; _c28 cm. |
||
| 505 | 8 | _aContiene: T. I. Huesos. Articulaciones. Músculos. T. II. Esplacnología. T. III. Angiología | |
| 650 | 7 |
_aAnatomía humana _2embne _99801 |
|
| 852 |
_aES-MaACL _jE-1258-61 |
||
| 999 |
_c128580 _d128580 |
||